000 00691nam a2200241Ia 4500
003 OSt
005 20220925203820.0
006 a|||||r|||| 00| 0
007 ta
008 220923b |||||||| |||| 00| 0 eng d
037 _cGeneral Book
040 _aRTL
_cRTL
_beng
041 _2eng
_aeng
082 _aX:87y7, L7;M6
100 _aGuest Robert H.
_9125574
245 0 _aOrganizational change through effective leadership
250 _a2nd
260 _aEnglewood
_bCliffs Prentice-Hall
_c1986
300 _axiii, 235p. Bib p 225-32
_ccm.
650 _aExecutive
_9233834
942 _hX:87y7, L7;M6
_cGB
_2CC
999 _c547803
_d547803